Estatísticas para Eslovénia

Clique aqui para jogar o quiz

Estatísticas Gerais

  • Esse quiz foi jogado 6 vezes
  • A pontuação média é 6 de 12

Estatísticas das Respostas

HintResposta% Correto
Qual é o seu idioma?Esloveno
100%
Qual é a sua moeda?Euro
100%
Onde fica?Europa
100%
Qual é a sua capital?Liubliana
100%
Qual é a sua religião?Cristianismo
83%
Qual é o desporto mais praticado?Futebol
67%
De que antigo país da Europa é independente?Jugoslávia
33%
Como se chama o ritual que serve para comemorar o fim do Inverno?Kurentovanje
0%
Como se chama o seu lago mais conhecido?Lago Bled
0%
Qual alimento é símbolo nacional do país?Mel
0%
Qual é o seu bolo típico?Potica
0%
Qual é o ponto mais alto do país?Triglav
0%

Distribuição das Pontuações

Percentil de Números Respondidos

Porcentagem de Pessoas com Cada Pontuação

Sua Pontuação Histórica

Você não jogou esse quiz